College Football Matchups: Army - Statistics

General Stats
  • This quiz has been taken 102 times
    26 since last reset
  • The average score is 9 of 16
Answer Stats
Games Opponent Subdivision % Correct
60 Air Force Group of 5
100%
126 Navy Group of 5
100%
39 Boston College Power 4
74%
22 Syracuse Power 4
74%
26 Penn State Power 4
68%
52 Notre Dame Power 4
63%
40 Rutgers Power 4
63%
27 Pittsburgh Power 4
58%
46 Yale FCS
58%
39 Harvard FCS
53%
21 Columbia FCS
37%
25 Holy Cross FCS
37%
25 Tulane Group of 5
37%
22 Villanova FCS
37%
31 Colgate FCS
26%
26 Duke Power 4
26%
No matching quizzes found
Score Distribution
Percent of People with Each Score
Percentile by Number Answered
Your Score History
You have not taken this quiz since the last reset